Cāṇakkiyan̲ paricu. (Record no. 61249)

MARC details
000 -LEADER
fixed length control field 00530cam a22002291 4500
001 - CONTROL NUMBER
control field sa 64009085
003 - CONTROL NUMBER IDENTIFIER
control field DLC
005 - DATE AND TIME OF LATEST TRANSACTION
control field 20260227112059.0
008 - FIXED-LENGTH DATA ELEMENTS--GENERAL INFORMATION
fixed length control field 920402s1962 ii 000 0 tamo
010 ## - LIBRARY OF CONGRESS CONTROL NUMBER
LC control number sa 64009085
035 ## - SYSTEM CONTROL NUMBER
System control number (OCoLC)25580117
040 ## - CATALOGING SOURCE
Original cataloging agency DLC
Transcribing agency WaU
Modifying agency DLC
042 ## - AUTHENTICATION CODE
Authentication code premarc
050 00 - LIBRARY OF CONGRESS CALL NUMBER
Classification number PL4758.9.A1
Item number C3
245 00 - TITLE STATEMENT
Title Cāṇakkiyan̲ paricu.
260 ## - PUBLICATION, DISTRIBUTION, ETC.
Date of publication, distribution, etc. [1962]
300 ## - PHYSICAL DESCRIPTION
Extent 156 p.
Dimensions 19 cm.
500 ## - GENERAL NOTE
General note In Tamil.
500 ## - GENERAL NOTE
General note A play.
600 00 - SUBJECT ADDED ENTRY--PERSONAL NAME
Personal name Kauṭalya
Form subdivision Drama.
700 1# - ADDED ENTRY--PERSONAL NAME
Personal name R., N. J.

No items available.

Powered by Koha